[Event "Mitropa Cup (Women)"]
[Site "Apolda"]
[Date "2024.02.20"]
[Round "6.10"]
[White "Koubova, Anna Marie"]
[Black "Walterova, Ema"]
[Result "0-1"]
[WhiteElo "2098"]
[BlackElo "2124"]
[PlyCount "70"]
[EventDate "2024.02.15"]
[EventType "team-tourn"]
[EventRounds "9"]
[EventCountry "GER"]
[SourceTitle "CB09_2024"]
[SourceDate "2024.02.28"]
[SourceVersion "1"]
[SourceVersionDate "2024.02.28"]
[SourceQuality "1"]
[WhiteTeam "Czech Republic (W)"]
[BlackTeam "Slovakia (W)"]
[WhiteTeamCountry "CZE"]
[BlackTeamCountry "SVK"]

1. d4 Nf6 2. c4 e6 3. Nc3 Bb4 4. e3 b6 5. Nge2 Ba6 6. a3 Be7 7. Nf4 d5 8. b3 0-0 9. Be2 c6 10. 0-0 Nbd7 11. Bb2 Rc8 12. Re1 Re8 13. Bd3 Nf8 14. e4 dxe4 15. Nxe4 Nxe4 16. Rxe4 Bb7 17. Qc2 c5 18. d5 exd5 19. cxd5 Bd6 20. Rxe8 Qxe8 21. Qc3 f6 22. Re1 Qf7 23. Qc4 Bxf4 24. Qxf4 Bxd5 25. Qd6 Rc6 26. Qxd5 Qxd5 27. Bc4 Qxc4 28. bxc4 Kf7 29. Bc3 Re6 30. Kf1 Nd7 31. Rc1 Re4 32. Bb2 Ke6 33. a4 Kd6 34. Rc3 Ne5 35. Rg3 Nxc4 0-1

[Event "Titled Tuesday intern op 16th Jan Early"]
[Site "Chess.com INT"]
[Date "2024.01.16"]
[Round "7"]
[White "Carrasco Miranda, Andres"]
[Black "Walterova, Ema"]
[Result "0-1"]
[WhiteElo "2234"]
[BlackElo "2124"]
[PlyCount "68"]
[EventDate "2024.01.16"]
[EventType "swiss (blitz)"]
[EventRounds "11"]
[EventCountry "USA"]
[SourceTitle "CB04_2024"]
[SourceDate "2023.10.16"]
[SourceVersion "1"]
[SourceVersionDate "2023.10.16"]
[SourceQuality "1"]

1. d4 Nf6 2. c4 e6 3. g3 d5 4. Bg2 dxc4 5. Nf3 c6 6. Ne5 Bb4+ 7. Bd2 Be7 8. e3 b5 9. a4 b4 10. 0-0 0-0 11. Nxc4 a5 12. Ne5 Bb7 13. Bc1 Qc7 14. Nd2 c5 15. Bxb7 Qxb7 16. Qf3 Qxf3 17. Ndxf3 Nbd7 18. Rd1 cxd4 19. Nxd7 Nxd7 20. Nxd4 Bf6 21. e4 Nc5 22. Be3 Nxe4 23. Rac1 Rac8 24. Rxc8 Rxc8 25. Kg2 Rd8 26. Rc1 h6 27. Nc6 Rd3 28. b3 Rxb3 29. Nxa5 Rb2 30. Rc8+ Kh7 31. Rc4 Nc3 32. Nc6 Nd5 33. Bd4 Bxd4 34. Nxd4 Ne3+ 0-1

[Event "Titled Tuesday intern op 16th Jan Early"]
[Site "Chess.com INT"]
[Date "2024.01.16"]
[Round "8"]
[White "Walterova, Ema"]
[Black "Gavrilov, Maxim"]
[Result "1-0"]
[WhiteElo "2124"]
[BlackElo "2186"]
[PlyCount "89"]
[EventDate "2024.01.16"]
[EventType "swiss (blitz)"]
[EventRounds "11"]
[EventCountry "USA"]
[SourceTitle "CB04_2024"]
[SourceDate "2023.10.16"]
[SourceVersion "1"]
[SourceVersionDate "2023.10.16"]
[SourceQuality "1"]

1. e4 c5 2. c3 d5 3. exd5 Qxd5 4. Nf3 Nc6 5. d4 Bg4 6. Be2 e6 7. Na3 Nf6 8. 0-0 Be7 9. h3 Bh5 10. Bf4 0-0 11. Nc2 Rfd8 12. Ne3 Qe4 13. Bc7 Rd7 14. Nd2 Bxe2 15. Qxe2 Qg6 16. Be5 cxd4 17. cxd4 Nxd4 18. Bxd4 Rxd4 19. Nf3 Re4 20. Rac1 Nd5 21. Qb5 Nb6 22. Rc7 Bf6 23. Rfc1 h6 24. Rxb7 Rd8 25. Rxa7 Nd5 26. Nxd5 Rxd5 27. Ra8+ Kh7 28. Qe8 Qh5 29. Qg8+ Kg6 30. Ra7 Kf5 31. Rxf7 Rd8 32. Qh7+ Kf4 33. Qxg7 Re5 34. Qg3+ Ke4 35. Re1+ Kd3 36. Rxf6 Rf5 37. Rxf5 Kc2 38. Rxh5 Rd1 39. Kh2 Rxe1 40. Re5 Rxe5 41. Qxe5 Kb1 42. Qxe6 Ka1 43. Qxh6 Kb1 44. Qg5 Ka1 45. Qf5 1-0

[Event "Rome City op 5th"]
[Site "Rome"]
[Date "2023.12.05"]
[Round "3"]
[White "Walterova, Ema"]
[Black "Joie, Sebastien"]
[Result "0-1"]
[WhiteElo "2114"]
[BlackElo "2400"]
[PlyCount "68"]
[EventDate "2023.12.04"]
[EventType "swiss"]
[EventRounds "9"]
[EventCountry "ITA"]
[SourceTitle "CB50_2023"]
[SourceDate "2023.12.13"]
[SourceVersion "1"]
[SourceVersionDate "2023.12.13"]
[SourceQuality "1"]

1. e4 c5 2. Nf3 Nf6 3. e5 Nd5 4. Nc3 e6 5. Nxd5 exd5 6. d4 Nc6 7. dxc5 Bxc5 8. Bd3 d6 9. exd6 0-0 10. 0-0 Qxd6 11. c3 h6 12. h3 Re8 13. Bc2 Bd7 14. Qd3 Kf8 15. b4 Bb6 16. a4 Ne5 17. Nxe5 Qxe5 18. Ba3 Rac8 19. a5 Rxc3 20. Qh7 Bc7 21. f4 Qe3+ 22. Kh1 Qg3 23. b5+ Rxa3 24. Rxa3 Qxa3 25. Qh8+ Ke7 26. Qxg7 Kd8 27. b6 axb6 28. axb6 Bxb6 29. Ra1 Qb4 30. Ra8+ Bc8 31. Qf6+ Kc7 32. Qxf7+ Re7 33. Rxc8+ Kxc8 34. Bf5+ Kc7 0-1

[Event "Wch U20 Girls 39th"]
[Site "Mexico City"]
[Date "2023.10.01"]
[Round "11"]
[White "Walterova, Ema"]
[Black "Obregon Garcia, Roxangel"]
[Result "1-0"]
[WhiteElo "2063"]
[BlackElo "2171"]
[PlyCount "57"]
[EventDate "2023.09.21"]
[EventType "swiss"]
[EventRounds "11"]
[EventCountry "MEX"]
[SourceTitle "EXT 2024"]
[Source "ChessBase"]
[SourceDate "2023.10.10"]
[SourceVersion "1"]
[SourceVersionDate "2023.10.10"]
[SourceQuality "1"]

1. e4 c5 2. Nf3 d6 3. d4 cxd4 4. Qxd4 Nc6 5. Bb5 Bd7 6. Bxc6 Bxc6 7. Nc3 Nf6 8. Bg5 e6 9. 0-0-0 Be7 10. Rhe1 0-0 11. Kb1 h6 12. Bc1 b5 13. Qd3 b4 14. Nd4 Bb7 15. Na4 d5 16. e5 Ne4 17. Qf1 Qa5 18. b3 Rfc8 19. Re3 Ba6 20. Qe1 Rc7 21. f3 Nc3+ 22. Nxc3 bxc3 23. f4 Rac8 24. Rg3 Ba3 25. Qe3 Bxc1 26. Qxc1 Kh7 27. f5 exf5 28. Nxf5 Rg8 29. Rxg7+ 1-0

[Event "Mitropa Cup (Women)"]
[Site "Mali Losinj"]
[Date "2023.04.18"]
[Round "8.11"]
[White "Walterova, Ema"]
[Black "Exler, Veronika"]
[Result "0-1"]
[WhiteElo "2037"]
[BlackElo "2123"]
[PlyCount "108"]
[EventDate "2023.04.11"]
[EventType "team-tourn"]
[EventRounds "9"]
[EventCountry "CRO"]
[SourceTitle "CBM 213 Extra"]
[Source "ChessBase"]
[SourceDate "2023.05.31"]
[SourceVersion "1"]
[SourceVersionDate "2023.05.31"]
[SourceQuality "1"]
[WhiteTeam "Slovakia (W)"]
[BlackTeam "Austria (W)"]
[WhiteTeamCountry "SVK"]
[BlackTeamCountry "AUT"]

1. e4 c6 2. d4 d5 3. exd5 cxd5 4. Bd3 Nc6 5. c3 Qc7 6. Ne2 Bg4 7. 0-0 e6 8. Qe1 Bxe2 9. Qxe2 Bd6 10. g3 h5 11. Nd2 h4 12. Nf3 hxg3 13. hxg3 Nf6 14. Kg2 0-0-0 15. Bg5 Rh5 16. Rh1 Rdh8 17. Rxh5 Rxh5 18. Rc1 Kb8 19. Re1 Qc8 20. Rh1 Rxh1 21. Kxh1 Qh8+ 22. Kg2 Ng4 23. Bd2 Qh5 24. Qe1 Ne7 25. Nh4 Kc7 26. Qc1 Kd7 27. Bb5+ Nc6 28. Bf4 Be7 29. Nf3 f6 30. c4 Qf5 31. Qd1 g5 32. Bc1 Qe4 33. c5 Qh7 34. Qa4 a6 35. Bxc6+ bxc6 36. Qxa6 Qc2 37. Qb7+ Ke8 38. Bd2 Kf7 39. Qxc6 Nxf2 40. Kxf2 g4 41. Qc7 gxf3 42. Qf4 e5 43. Qh6 Bf8 44. Qe3 exd4 45. Qf4 Qd3 46. Qxf3 Qxd2+ 47. Qe2 Qxe2+ 48. Kxe2 Bxc5 49. Kd3 Ke6 50. b4 Bxb4 51. Kxd4 f5 52. Ke3 Ke5 53. a4 d4+ 54. Kd3 Kd5 0-1

[Event "Mitropa Cup (Women)"]
[Site "Mali Losinj"]
[Date "2023.04.17"]
[Round "7.11"]
[White "Stoeri, Laura"]
[Black "Walterova, Ema"]
[Result "0-1"]
[WhiteElo "2075"]
[BlackElo "2037"]
[PlyCount "98"]
[EventDate "2023.04.11"]
[EventType "team-tourn"]
[EventRounds "9"]
[EventCountry "CRO"]
[SourceTitle "CBM 213 Extra"]
[Source "ChessBase"]
[SourceDate "2023.05.31"]
[SourceVersion "1"]
[SourceVersionDate "2023.05.31"]
[SourceQuality "1"]
[WhiteTeam "Switzerland (W)"]
[BlackTeam "Slovakia (W)"]
[WhiteTeamCountry "SUI"]
[BlackTeamCountry "SVK"]

1. e4 e5 2. Nf3 Nc6 3. Bb5 a6 4. Ba4 Nge7 5. Nc3 Ng6 6. h4 h5 7. d3 Be7 8. Nd5 d6 9. Nxe7 Qxe7 10. Bg5 f6 11. Be3 Bd7 12. c3 Nf8 13. Qd2 g6 14. Bc2 Rd8 15. d4 Bg4 16. d5 Nb8 17. Nh2 Bc8 18. 0-0-0 Nh7 19. Rdg1 f5 20. f4 0-0 21. fxe5 dxe5 22. Bb3 Kh8 23. exf5 Bxf5 24. Nf3 Nf6 25. Bg5 Rd6 26. Re1 Nbd7 27. Qe3 e4 28. Nd4 Ne5 29. Nxf5 gxf5 30. Kb1 Qh7 31. Rd1 Nfg4 32. Qd4 Re8 33. Ka1 Kg8 34. Rhe1 b6 35. Bf4 Qg7 36. Rd2 Kh7 37. Qg1 Rd7 38. Qf1 b5 39. Bg5 Rf8 40. Qe2 Qg6 41. Rd4 Nf7 42. Bf4 Qf6 43. Qd1 Kg6 44. Bg3 Nd6 45. Bc2 Re8 46. Qc1 a5 47. Rf1 Rde7 48. Qe1 b4 49. Rc4 Nxc4 0-1

[Event "Mitropa Cup (Women)"]
[Site "Mali Losinj"]
[Date "2023.04.16"]
[Round "6.3"]
[White "Walterova, Ema"]
[Black "Voriskova, Anna"]
[Result "0-1"]
[WhiteElo "2037"]
[BlackElo "1998"]
[PlyCount "56"]
[EventDate "2023.04.11"]
[EventType "team-tourn"]
[EventRounds "9"]
[EventCountry "CRO"]
[SourceTitle "CBM 213 Extra"]
[Source "ChessBase"]
[SourceDate "2023.05.31"]
[SourceVersion "1"]
[SourceVersionDate "2023.05.31"]
[SourceQuality "1"]
[WhiteTeam "Slovakia (W)"]
[BlackTeam "Czech Republic (W)"]
[WhiteTeamCountry "SVK"]
[BlackTeamCountry "CZE"]

1. e4 c6 2. d4 d5 3. e5 Bf5 4. h4 h5 5. c4 dxc4 6. Bxc4 e6 7. Nc3 Nd7 8. Nge2 Qc7 9. Ng3 Bg6 10. 0-0 0-0-0 11. Qe2 Be7 12. Bg5 Bxg5 13. hxg5 Nb6 14. Rfd1 Ne7 15. Rac1 Kb8 16. b4 h4 17. Nge4 Nf5 18. b5 Nxd4 19. Qf1 Bxe4 20. Nxe4 Qxe5 21. Re1 Nxc4 22. Rxc4 Nxb5 23. a4 Nd6 24. Rc5 Qd4 25. Nxd6 Rxd6 26. Rc4 Qd2 27. f4 h3 28. gxh3 Rxh3 0-1

[Event "Mitropa Cup (Women)"]
[Site "Mali Losinj"]
[Date "2023.04.12"]
[Round "2.4"]
[White "Walterova, Ema"]
[Black "Monpeurt, Cyrielle"]
[Result "1-0"]
[WhiteElo "2037"]
[BlackElo "2130"]
[PlyCount "81"]
[EventDate "2023.04.11"]
[EventType "team-tourn"]
[EventRounds "9"]
[EventCountry "CRO"]
[SourceTitle "CBM 213 Extra"]
[Source "ChessBase"]
[SourceDate "2023.05.31"]
[SourceVersion "1"]
[SourceVersionDate "2023.05.31"]
[SourceQuality "1"]
[WhiteTeam "Slovakia (W)"]
[BlackTeam "France (W)"]
[WhiteTeamCountry "SVK"]
[BlackTeamCountry "FRA"]

1. e4 e6 2. d4 d5 3. Nc3 Bb4 4. e5 c5 5. a3 Bxc3+ 6. bxc3 Nc6 7. h4 Qa5 8. Bd2 Bd7 9. Qg4 Nge7 10. Nf3 0-0-0 11. Bd3 Qa4 12. 0-0 c4 13. Be2 Qxc2 14. Qxg7 Rhg8 15. Qh6 Rg6 16. Qh5 Rdg8 17. g3 Nf5 18. Rfc1 Qa4 19. Bd1 Qa5 20. Bc2 Nce7 21. Bg5 Qd8 22. Bxf5 exf5 23. Nh2 h6 24. Bf4 Rb6 25. Qf3 Rgg6 26. Nf1 Rb3 27. Nd2 Rb2 28. Rcb1 Qb6 29. Kh2 Ba4 30. h5 Rc6 31. g4 Bc2 32. Rg1 Qd8 33. g5 Ng8 34. Rg2 Qd7 35. Rag1 hxg5 36. Rxg5 Nh6 37. Rg8+ Nxg8 38. Rxg8+ Qd8 39. Rxd8+ Kxd8 40. Qxd5+ Ke8 41. Bg5 1-0

[Event "EU-ch Rapid"]
[Site "Katowice"]
[Date "2022.12.18"]
[Round "7"]
[White "Walterova, Ema"]
[Black "Zochowski, Kacper"]
[Result "0-1"]
[WhiteElo "2041"]
[BlackElo "2256"]
[PlyCount "72"]
[EventDate "2022.12.17"]
[EventType "swiss (rapid)"]
[EventRounds "11"]
[EventCountry "POL"]
[SourceTitle "CBM 211 Extra"]
[Source "ChessBase"]
[SourceDate "2023.01.31"]
[SourceVersion "1"]
[SourceVersionDate "2023.01.31"]
[SourceQuality "1"]

1. e4 d6 2. d4 g6 3. Nf3 Bg7 4. Be3 Nf6 5. Bd3 c6 6. 0-0 0-0 7. a4 Qc7 8. h3 e5 9. Nc3 Re8 10. Re1 Nbd7 11. Qd2 Nf8 12. Rad1 Ne6 13. Ne2 Bd7 14. b3 Rad8 15. c4 exd4 16. Nexd4 Nc5 17. Bg5 Nfxe4 18. Bxd8 Qxd8 19. Bxe4 Nxe4 20. Qf4 f5 21. Qc1 Qb6 22. Qc2 a6 23. Qd3 Rd8 24. Qe3 Qc7 25. Nd2 d5 26. Nxe4 fxe4 27. cxd5 cxd5 28. Qg5 Bc8 29. h4 Qd6 30. h5 Rf8 31. hxg6 hxg6 32. Nc2 Rf5 33. Qe3 Rh5 34. g3 Bg4 35. Qxe4 dxe4 36. Rxd6 Bf3 0-1

[Event "SVK-chT1W 2223"]
[Site "Slovakia"]
[Date "2022.11.05"]
[Round "3.6"]
[White "Walterova, Ema"]
[Black "Koval, Maros"]
[Result "1-0"]
[WhiteElo "2018"]
[BlackElo "2076"]
[PlyCount "149"]
[EventDate "2022.10.15"]
[EventType "team-tourn"]
[EventRounds "11"]
[EventCountry "SVK"]
[SourceTitle "EXT 2024"]
[Source "ChessBase"]
[SourceDate "2023.10.10"]
[SourceVersion "1"]
[SourceVersionDate "2023.10.10"]
[SourceQuality "1"]
[WhiteTeam "Bratislava KSN"]
[BlackTeam "Bratislava Lokomotiva"]
[WhiteTeamCountry "SVK"]
[BlackTeamCountry "SVK"]

1. e4 Na6 2. d4 c6 3. Nc3 Nc7 4. Nf3 d5 5. h3 dxe4 6. Nxe4 Nf6 7. Ng3 g6 8. c4 Bg7 9. Be3 0-0 10. Qd2 c5 11. dxc5 Qxd2+ 12. Nxd2 Nd7 13. 0-0-0 f5 14. f4 e5 15. Ne2 Ne6 16. Nb3 Bh6 17. g3 Nf6 18. Bg2 Ne4 19. Bxe4 fxe4 20. Bd2 exf4 21. Nxf4 Nxf4 22. Bxf4 Bxf4+ 23. gxf4 Be6 24. Na5 b6 25. Rd6 Bf7 26. Nc6 Bxc4 27. Ne5 Rac8 28. c6 Bb5 29. Kd2 Rxf4 30. Ke3 Rf5 31. Re6 Bd3 32. Rc1 Rc7 33. Kd4 Bb5 34. Rd6 e3 35. Rd8+ Rf8 36. Rxf8+ Kxf8 37. Kxe3 Ke7 38. b3 Kd6 39. Kf4 Ke6 40. a4 Be2 41. Re1 Ba6 42. Nxg6+ Kd6 43. Ne5 Kc5 44. Re4 Kd5 45. b4 Bc8 46. Re3 Kd6 47. Rd3+ Ke7 48. h4 Kf6 49. Rd6+ Be6 50. b5 Rg7 51. Rd3 Bf5 52. Rc3 Bc8 53. Rf3 Ke6 54. Rd3 Rg8 55. Nc4 Ke7 56. Re3+ Be6 57. Ne5 Kd6 58. Rd3+ Ke7 59. c7 Kf6 60. Rd8 Rg1 61. c8Q Bxc8 62. Rxc8 Rf1+ 63. Nf3 Ra1 64. Rc6+ Ke7 65. Rc7+ Kd6 66. Rxa7 Kc5 67. Rxh7 Rxa4+ 68. Ke5 Kxb5 69. h5 Ra3 70. Rf7 Re3+ 71. Kd5 Rd3+ 72. Nd4+ Kb4 73. h6 Rh3 74. h7 Kc3 75. Rf3+ 1-0

[Event "Wch U20 Girls 38th"]
[Site "Cala Gonone"]
[Date "2022.10.19"]
[Round "8"]
[White "Cassi, Elisa"]
[Black "Walterova, Ema"]
[Result "1/2-1/2"]
[WhiteElo "1965"]
[BlackElo "2062"]
[PlyCount "90"]
[EventDate "2022.10.12"]
[EventType "swiss"]
[EventRounds "11"]
[EventCountry "ITA"]
[SourceTitle "CBM 210 Extra"]
[Source "ChessBase"]
[SourceDate "2022.11.30"]
[SourceVersion "1"]
[SourceVersionDate "2022.11.30"]
[SourceQuality "1"]

1. e4 e5 2. Nf3 Nc6 3. Bb5 Nge7 4. Nc3 Ng6 5. d4 exd4 6. Nxd4 Nxd4 7. Qxd4 c6 8. Bc4 Qb6 9. Qd1 Be7 10. 0-0 0-0 11. Bb3 d6 12. Be3 Qc7 13. f4 Bd7 14. a4 Kh8 15. Ne2 Rae8 16. c3 Bd8 17. Qd2 f5 18. exf5 Bxf5 19. Nd4 Ne7 20. Bf2 d5 21. Rae1 Qd7 22. Nxf5 Nxf5 23. c4 d4 24. c5 b6 25. Re5 Bf6 26. Rxe8 Rxe8 27. Re1 bxc5 28. Rxe8+ Qxe8 29. g4 Ne3 30. Qe2 Qe4 31. Bxe3 dxe3 32. Qc4 Qe8 33. Qe6 Qxe6 34. Bxe6 Bxb2 35. Kf1 g6 36. Ke2 Bd4 37. Bc4 Kg7 38. a5 Kf6 39. h4 Bc3 40. a6 Bd4 41. Kf3 h6 42. g5+ hxg5 43. hxg5+ Ke7 44. Bd3 Kd6 45. Bxg6 c4 1/2-1/2

[Event "Wch U20 Girls 38th"]
[Site "Cala Gonone"]
[Date "2022.10.14"]
[Round "4"]
[White "Nurgali, Nazerke"]
[Black "Walterova, Ema"]
[Result "1/2-1/2"]
[WhiteElo "2169"]
[BlackElo "2062"]
[PlyCount "106"]
[EventDate "2022.10.12"]
[EventType "swiss"]
[EventRounds "11"]
[EventCountry "ITA"]
[SourceTitle "CBM 210 Extra"]
[Source "ChessBase"]
[SourceDate "2022.11.30"]
[SourceVersion "1"]
[SourceVersionDate "2022.11.30"]
[SourceQuality "1"]

1. d4 d5 2. Nf3 e6 3. c4 c6 4. Qc2 dxc4 5. Qxc4 b5 6. Qc2 Bb7 7. e4 Nd7 8. Be2 Ngf6 9. 0-0 Be7 10. Nbd2 0-0 11. Bd3 h6 12. a4 a6 13. Nb3 Rc8 14. axb5 cxb5 15. Qe2 Re8 16. Bd2 Qc7 17. h3 e5 18. d5 Nf8 19. Rfc1 Qb8 20. Bc3 Ng6 21. g3 Bd6 22. Nh2 h5 23. h4 Nf8 24. Nf1 N8d7 25. Bd2 g6 26. Na5 Rxc1 27. Rxc1 Rc8 28. Rxc8+ Qxc8 29. b4 Qc7 30. Qd1 Bc8 31. Ne3 Nb6 32. Qb3 Bd7 33. Qc2 Qxc2 34. Bxc2 Kf8 35. f3 Ke7 36. Kf2 Kd8 37. Nb7+ Kc7 38. Nxd6 Kxd6 39. f4 Ng4+ 40. Nxg4 Bxg4 41. fxe5+ Kxe5 42. Bf4+ Kd4 43. Be3+ Kc3 44. Bxb6 Kxc2 45. Ke3 Kc3 46. Ba5 Kc4 47. Kf4 f5 48. exf5 Bxf5 49. Ke5 Bg4 50. d6 Bf5 51. Kf6 Kd5 52. Ke7 Kc6 53. Bd8 Bd7 1/2-1/2

[Event "Wch U20 Girls 38th"]
[Site "Cala Gonone"]
[Date "2022.10.13"]
[Round "2"]
[White "Urh, Zala"]
[Black "Walterova, Ema"]
[Result "1-0"]
[WhiteElo "2221"]
[BlackElo "2062"]
[PlyCount "63"]
[EventDate "2022.10.12"]
[EventType "swiss"]
[EventRounds "11"]
[EventCountry "ITA"]
[SourceTitle "CBM 210 Extra"]
[Source "ChessBase"]
[SourceDate "2022.11.30"]
[SourceVersion "1"]
[SourceVersionDate "2022.11.30"]
[SourceQuality "1"]

1. e4 e5 2. Nf3 Nc6 3. Bb5 Nge7 4. Nc3 Ng6 5. d4 exd4 6. Nxd4 Nxd4 7. Qxd4 c6 8. Be2 Qb6 9. Qd3 Be7 10. 0-0 0-0 11. a4 d6 12. a5 Qd8 13. f4 f5 14. Be3 Be6 15. Qd2 fxe4 16. Nxe4 Bf5 17. Ng3 Nh4 18. Bc4+ Kh8 19. Qf2 a6 20. Bb6 Qd7 21. Rae1 d5 22. Bb3 Bf6 23. Nh5 Be7 24. Rxe7 Qxe7 25. Bc5 Qf7 26. Qxh4 Rg8 27. Bd4 Qg6 28. Ng3 Rae8 29. c3 Rgf8 30. Bd1 Bd3 31. f5 Qd6 32. f6 1-0

[Event "Wch U20 Girls 38th"]
[Site "Cala Gonone"]
[Date "2022.10.13"]
[Round "3"]
[White "Walterova, Ema"]
[Black "Badenhorst, Chloe"]
[Result "1-0"]
[WhiteElo "2062"]
[BlackElo "1687"]
[PlyCount "121"]
[EventDate "2022.10.12"]
[EventType "swiss"]
[EventRounds "11"]
[EventCountry "ITA"]
[SourceTitle "CBM 210 Extra"]
[Source "ChessBase"]
[SourceDate "2022.11.30"]
[SourceVersion "1"]
[SourceVersionDate "2022.11.30"]
[SourceQuality "1"]

1. e4 c5 2. Nf3 Nc6 3. Bb5 g6 4. Bxc6 dxc6 5. d3 Bg7 6. h3 Qc7 7. 0-0 e5 8. Be3 b6 9. a4 a5 10. Qd2 h6 11. Nc3 Ne7 12. Nh2 g5 13. Ne2 f5 14. exf5 Bxf5 15. Ng3 Bg6 16. Qe2 0-0-0 17. Ra3 Nd5 18. Ne4 Qe7 19. h4 Bxe4 20. dxe4 Nf4 21. Qc4 gxh4 22. Rb3 Kc7 23. Qa6 Rb8 24. Rd1 Ne6 25. Rbd3 Rhd8 26. Rxd8 Nxd8 27. Ng4 h5 28. Nh2 Nb7 29. c3 Qf7 30. Qa7 Qe7 31. b4 Bf8 32. Nf3 h3 33. g3 Rd8 34. Re1 Qe8 35. bxa5 bxa5 36. Rb1 Rb8 37. Nxe5 Bd6 38. Qb6+ Kc8 39. Nxc6 Qxe4 40. Na7+ Kd7 41. Qb5+ Kc7 42. Qf1 Rg8 43. Nb5+ Kc6 44. Nxd6 Nxd6 45. Re1 Qg2+ 46. Qxg2+ hxg2 47. Bf4 Re8 48. Rxe8 Nxe8 49. Be5 Kd5 50. f4 Kc4 51. Kxg2 Kb3 52. Kf2 Kxa4 53. Ke2 Kb3 54. Kd2 a4 55. Kc1 Kc4 56. Kb2 Kd5 57. Ka3 Ke6 58. Kxa4 Kf5 59. Kb5 Kg4 60. Kxc5 Kxg3 61. f5+ 1-0